| 000 | 01467nam a2200421 i 4500 | ||
|---|---|---|---|
| 001 | 11218 | ||
| 003 | KOSZ 005 | ||
| 005 | 20200709140438.0 | ||
| 008 | 070620s1968 pl a f |000 0 pol | ||
| 015 | _aPB 1968/4632 | ||
| 035 | _a(OCoLC)839016715 | ||
| 040 |
_aWA N _cWA N _dKOSZ 005/HR |
||
| 046 | _k1968 | ||
| 080 | _a621.01 | ||
| 080 | _a531/532 | ||
| 080 | _a(07) | ||
| 100 | 1 |
_aSiuta, Władysław. _eAutor |
|
| 245 | 1 | 0 |
_aZbiór zadań z mechaniki technicznej. _nCz. 1, _pStatyka, kinematyka, dynamika, hydromechanika / _cWładysław Siuta. |
| 246 | 3 | 0 | _aStatyka, kinematyka, dynamika, hydromechanika. |
| 250 | _aWyd. 11. | ||
| 260 |
_aWarszawa : _bPaństwowe Wydawnictwo Szkolnictwa Zawodowego, _cdr. 1968. |
||
| 300 |
_a69, [2] s. : _bil. ; _c23 cm. |
||
| 380 | _aKsiążki. | ||
| 380 | _aPublikacje dydaktyczne | ||
| 385 |
_mPoziom nauczania _aSzkoły zawodowe |
||
| 388 | _a1901-2000 | ||
| 521 | 8 | _aKsiążka pomocnicza dla techników. | |
| 658 | _aInżynieria i technika | ||
| 658 | _aFizyka i astronomia | ||
| 650 | 4 | _aMechanika stosowana | |
| 650 | 4 | _aMechanika płynów | |
| 650 | 4 | _aStatyka | |
| 650 | 4 | _aKinematyka | |
| 655 | 4 | _aĆwiczenia i zadania dla szkół zawodowych | |
| 710 | 2 |
_aPaństwowe Wydawnictwo Szkolnictwa Zawodowego _4pbl |
|
| 856 |
_uhttp://koha.tu.koszalin.pl/cgi-bin/koha/opac-detail.pl?biblionumber=11218 _yKatalog online BPK |
||
| 942 |
_2UKD _cKS |
||
| 999 |
_c11218 _d11218 |
||